Sports Quiz

Random Sports Quiz

TOP 50 LEEDS PLAYER 2008 - 2017 Quiz Stats

 Plays Quiz not verified by Sporcle

Score 0/50 Timer 15:00
0 Plays Today
Hint Answer % Correct
Wealdstone, Everton, Leicester, Bolton, PrestonJermaine Beckford
81.3%
Norwich, Hull, West HamRobert Snodgrass
81.3%
Norwich, RotherhamLuciano Becchio
81.3%
Malmo, TorinoPontus Jansson
75%
NorwichJonny Howson
68.8%
Arsenal, Yeovil, Bristol CityLuke Ayling
68.8%
BournemouthLewis Cook
68.8%
West Brom, Leicester Chris Wood
68.8%
Cardiff, Fulham, Aston Villa, Notts ForestRoss Mccormack
62.5%
Norwich, DerbyBradley Johnson
62.5%
West HamSam Byram
62.5%
Valencia, SwanseaPablo Hernandez
62.5%
Leicester, St Eitienne, Bournemouth Max Gradel
62.5%
Brescia, SampdoriaGaetano Berardi
56.3%
BarnsleyAlex Mowatt
56.3%
Graduate Charlie Taylor
56.3%
Catania, Torino, S.P.A.LMirco Antenucci
50%
Brighton, SunderlandLiam Bridcutt
50%
Notts County, LeicesterKasper Schmeichel
50%
West Brom, OxfordKemar Roofe
50%
Crewe, BurtonLuke Murphy
50%
Leicester, MelbournePatrick Kisnorbo
43.8%
Sheffield WednesdayTom Lees
43.8%
Arsenal, SwanseaKyle Bartley
43.8%
Norwich, West Ham, QPRRobert Green
43.8%
Hint Answer % Correct
Hull, ChesterfieldLiam Cooper
43.8%
Bristol City, PrestonNeil Kilkenny
37.5%
Aston Villa, Man CityFabien Delph
37.5%
Leicester, CardiffSol Bamba
37.5%
BrentfordStuart Dallas
37.5%
Chievo, CagliariMarco Silvestri
31.3%
SK Brann, Brondby Rodolph Austin
31.3%
Millwall, NorwichSteve Morison
31.3%
CataniaSouleymane Doukara
31.3%
Man City, Middlesbrough Adam Clayton
25%
Ascoli, CataniaGiuseppe Bellusci
25%
Sheff Utd, Scunthorpe, Doncaster, SouthamptonBilly Sharp
25%
Graduate Ronaldo Vieira
25%
Liverpool, Blackburn, WiganStephen Warnock
25%
Oldham, Fulham, QPRMatt Smith
25%
Notts Forest, Southampton, Swindon, Sheff WedDavid Prutton
18.8%
BournemouthEunan O'Kane
18.8%
Portsmouth, CharltonJason Pearce
18.8%
GraduateKalvin Phillips
18.8%
Man City, Tottenham, Portsmouth, Port ValeMichael Brown
18.8%
Preston, Bolton, Fulham, WolvesAndy Lonergan
12.5%
Birmingham, StokeJack Butland
12.5%
Rotherham, BarnsleyAiden White
12.5%
Bury, Sheffield United, QPR, Paddy Kenny
6.3%
Oldham, AFC Wimbledon Dominic Poleon
6.3%

You're not logged in!

Compare scores with friends on all Sporcle quizzes.
OR
Log In

Show Comments

Extras

Created Feb 3, 2017ReportNominate
Tags:2008, 2017, leed, player, Top 50

Top Quizzes Today


Score Distribution

Your Account Isn't Verified!

In order to create a playlist on Sporcle, you need to verify the email address you used during registration. Go to your Sporcle Settings to finish the process.

Report this User

Report this user for behavior that violates our Community Guidelines.

Details: